=LDR 00000nam 2200000 4500 =001 INLIS000000000036415 =005 20130612142214 =008 ***********************************Ind** =035 ##$$0010-061300000036415 =041 ##$$a Ind =082 ##$$a 641.865 4 =090 ##$$a 641.865 4, Hus s =100 ##$$a Husni, Albertin =245 ##$$a Sweet desert, variasi mouse bavarian dan cake tiramisu dalam gelas, oleh Albertin Husni =260 ##$$a 2011 $b Jaarta =300 ##$$a 52 hlm, ilus, 23 cm =650 ##$$a Kue =850 ##$$a NBPNMAT